[Event "Hessen-ch Gr-D 64th"]
[Site "Bad Vilbel"]
[Date "2010.04.02"]
[Round "1"]
[White "Boethelt, Klaus Dieter"]
[Black "Kilian, Peter"]
[Result "0-1"]
[WhiteElo "1581"]
[BlackElo "1663"]
[PlyCount "32"]
[EventDate "2010.03.31"]
[EventType "swiss"]
[EventRounds "5"]
[EventCountry "GER"]
[SourceTitle "EXT 2011"]
[Source "ChessBase"]
[SourceDate "2010.11.26"]
[SourceVersion "1"]
[SourceVersionDate "2010.11.26"]
[SourceQuality "1"]

1. d4 Nf6 2. c4 e6 3. Bg5 Bb4+ 4. Nd2 h6 5. Bh4 g5 6. Bg3 Ne4 7. Ngf3 g4 8. a3 gxf3 9. axb4 Nxg3 10. hxg3 fxe2 11. Qxe2 Nc6 12. Qg4 Qf6 13. Nf3 Nxb4 14. 0-0-0 d6 15. Qf4 Qg6 16. Qd2 Na2# 0-1

[Event "Hessen-ch Gr-D 62nd"]
[Site "Hanau"]
[Date "2008.03.22"]
[Round "4"]
[White "Boethelt, Klaus Dieter"]
[Black "Wuerker, Gert"]
[Result "1-0"]
[WhiteElo "1505"]
[BlackElo "1628"]
[PlyCount "61"]
[EventDate "2008.03.21"]
[EventType "swiss"]
[EventRounds "5"]
[EventCountry "GER"]
[SourceTitle "CBM 123 Extra"]
[Source "ChessBase"]
[SourceDate "2008.05.06"]
[SourceVersion "1"]
[SourceVersionDate "2008.05.06"]
[SourceQuality "1"]

1. d4 c5 2. dxc5 e6 3. Nc3 Bxc5 4. Nf3 d5 5. e3 Nf6 6. Bb5+ Bd7 7. Bxd7+ Nbxd7 8. 0-0 0-0 9. b3 a6 10. Bb2 Rc8 11. Rc1 Qe7 12. Nb1 Rfd8 13. Qe2 Ne4 14. c4 Ndf6 15. Rfd1 Nd6 16. Bxf6 Qxf6 17. cxd5 Ba7 18. Rxc8 Rxc8 19. dxe6 Qxe6 20. g3 Nf5 21. Qd3 h6 22. Na3 Bc5 23. Nc2 Be7 24. Ncd4 Nxd4 25. Qxd4 Qc6 26. Ne5 Qe6 27. Nf3 Qf5 28. Kg2 Bf6 29. Qd7 Qc2 30. Rd2 Qc3 31. Qxb7 1-0

[Event "Hessen-ch Gr-D 62nd"]
[Site "Hanau"]
[Date "2008.03.21"]
[Round "2"]
[White "Boethelt, Klaus Dieter"]
[Black "Hofmann, Thomas"]
[Result "1/2-1/2"]
[WhiteElo "1505"]
[BlackElo "1567"]
[PlyCount "79"]
[EventDate "2008.03.21"]
[EventType "swiss"]
[EventRounds "5"]
[EventCountry "GER"]
[SourceTitle "CBM 123 Extra"]
[Source "ChessBase"]
[SourceDate "2008.05.06"]
[SourceVersion "1"]
[SourceVersionDate "2008.05.06"]
[SourceQuality "1"]

1. d4 d5 2. Bg5 h6 3. Bh4 g5 4. Bg3 Bg7 5. e3 Bf5 6. Bb5+ c6 7. Be2 Nd7 8. Nf3 Qb6 9. Qc1 c5 10. c3 e6 11. dxc5 Nxc5 12. 0-0 Nf6 13. Be5 0-0 14. Bd4 Qd6 15. Ne5 Nfd7 16. Nxd7 Nxd7 17. Bxg7 Kxg7 18. Nd2 Ne5 19. f4 Nd3 20. Bxd3 Bxd3 21. Rf2 g4 22. Qd1 h5 23. Nf3 Bf5 24. Nh4 Be4 25. f5 Kh6 26. fxe6 fxe6 27. g3 Rxf2 28. Kxf2 Rf8+ 29. Kg1 Qe5 30. Qe2 Qf6 31. Rd1 Bf3 32. Nxf3 Qxf3 33. Qxf3 Rxf3 34. Re1 e5 35. e4 d4 36. cxd4 exd4 37. Rd1 d3 38. Rd2 Kg6 39. Kg2 Kf6 40. Rf2 1/2-1/2